000 00408pam a2200181a 44500
008 230405s2002 xxu||||| |||| 00| 0 eng d
041 _aENG
100 _aAbraham Silber Schatz
245 _aDatabase System Concepts
250 _a4
260 _a
_bM.G.H.
_c2002
300 _a1064P, 24cms
440 _a336
690 _aMCA
700 _aS. Sudarshan
700 _aHenry F. Korth
906 _a5503
999 _c258362
_d258362